[Event "COL-ch U20"]
[Site "Cali"]
[Date "2024.02.28"]
[Round "1"]
[White "Mora Munoz, Alejandro"]
[Black "Sanchez Burgos, Carlos Antonio"]
[Result "1-0"]
[WhiteElo "1983"]
[BlackElo "1313"]
[PlyCount "91"]
[EventDate "2024.02.28"]
[EventType "swiss"]
[EventRounds "9"]
[EventCountry "COL"]
[SourceTitle "CB11_2024"]
[SourceDate "2024.03.13"]
[SourceVersion "1"]
[SourceVersionDate "2024.03.13"]
[SourceQuality "1"]

1. e4 e5 2. Nf3 Nc6 3. Bb5 a6 4. Ba4 b5 5. Bb3 d6 6. c3 Nf6 7. 0-0 Bg4 8. h3 Bh5 9. d3 Be7 10. Re1 h6 11. Nbd2 0-0 12. Nf1 Rc8 13. Ng3 Bxf3 14. Qxf3 Na5 15. Bc2 c5 16. Nf5 Kh7 17. a4 b4 18. Bd2 Re8 19. Qg3 Bf8 20. cxb4 cxb4 21. Bd1 Qb6 22. Qh4 Ng8 23. Ne3 Ne7 24. Qh5 Kg8 25. Ng4 Ng6 26. g3 Rcd8 27. Ne3 Ne7 28. Rc1 d5 29. Ng4 Ng6 30. Be3 d4 31. Bd2 Qe6 32. f4 Qa2 33. f5 Nh8 34. f6 Qxb2 35. Rc2 Qb3 36. fxg7 Bxg7 37. Nxh6+ Bxh6 38. Bxh6 Rd6 39. Rc8 Qe6 40. Bg4 Qe7 41. Bg5 Qf8 42. Rec1 Nb7 43. Rxe8 Qxe8 44. Rc8 Nd8 45. Bxd8 Rxd8 46. Qg5+ 1-0